| 000 | 00768nam a2200229 a 4500 | ||
|---|---|---|---|
| 999 |
_c9045 _d9045 |
||
| 001 | 9045 | ||
| 003 | BD-JhCC | ||
| 005 | 20180524101740.0 | ||
| 008 | 180307s1966 bg a|||| ||a| 000 0 ben d | ||
| 035 | _a(BD-JhCC)9045 | ||
| 040 |
_aBD-JhCC _dBD-JhCC |
||
| 041 | _aben | ||
| 082 |
_a500 _bBIS 1966 |
||
| 100 | _aবিশপ, জর্জ বিশপ ও এস, | ||
| 245 |
_aসূর্য পৃথিবী মানুষ / _cজর্জ বিশপ ও এস, বিশপ জহুরুল আলম (অনু.) |
||
| 260 |
_aঢাকা: _bরায়হান পাবলিকেশান্স; _c1966. |
||
| 300 |
_a129 p. : _c18 cm. |
||
| 651 | _aScience. | ||
| 700 | _aআলম, জহুরুল . | ||
| 942 |
_2lcc _cBK |
||